| 000 | 01020nam a2200325Ia 4500 | ||
|---|---|---|---|
| 001 | dia_1371 | ||
| 003 | CHAP | ||
| 005 | 20230131104948.0 | ||
| 008 | 220117s1980 xx 000 0 und d | ||
| 010 | _a171917 | ||
| 020 | _a84-282-0212-5 | ||
| 040 | _cCHAP | ||
| 082 | _a581.1 D48 1980 | ||
| 100 |
_aDevlin, Robert M. _932319 |
||
| 245 |
_aFisiología vegetal / _c Robert M. Devlin ; traducción Xavier Llimona Pagés |
||
| 250 | _a3a ed. rev. y ampl. | ||
| 260 |
_aBarcelona, España : _b Omega, _c1980 |
||
| 300 | _a517 p. | ||
| 500 | _aLos ejemplares 3 y 5 son material fotocopiado \ Título original: Plant physiology | ||
| 503 | _aI. 188996 (ej.2) | ||
| 504 | _aIncluye bibliografías | ||
| 590 | _aQK711 D48 1980 | ||
| 650 |
_aFisiología vegetal _941136 |
||
| 650 |
_aPlant physiology _9148420 |
||
| 700 |
_aLlimona Pagés, Xavier, tr. _9150620 |
||
| 901 | _a581.1 D48 1980 | ||
| 902 | _aM | ||
| 905 | _a5232271980 sp aimn8222223322spa16 | ||
| 942 |
_cLIBRO _2ddc |
||
| 999 |
_c171917 _d171917 |
||